The forty-niners. (Record no. 1030)
[ view plain ]
| 000 -LEADER | |
|---|---|
| fixed length control field | 00533nam a22001817a 4500 |
| 008 - FIXED-LENGTH DATA ELEMENTS--GENERAL INFORMATION | |
| fixed length control field | 150610b xxu||||| |||| 00| 0 eng d |
| 041 0# - LANGUAGE CODE | |
| Language code of text/sound track or separate title | eng |
| 080 ## - UNIVERSAL DECIMAL CLASSIFICATION NUMBER | |
| Universal Decimal Classification number | 546.59 |
| 245 00 - TITLE STATEMENT | |
| Title | The forty-niners. |
| 260 ## - | |
| -- | New York |
| -- | [1974] |
| 300 ## - | |
| -- | 240 f. : |
| -- | me il. : |
| -- | 28 cm. |
| 490 ## - | |
| -- | The Old West |
| 505 ## - | |
| -- | Index : f.238-240 |
| 650 #0 - | |
| -- | The gold-seekers |
| 650 #0 - | |
| -- | Ari-kërkuesit |
| 700 1# - | |
| -- | Johnson, William Weber, |
| -- | 1909-1992 |
| 942 ## - ADDED ENTRY ELEMENTS (KOHA) | |
| Source of classification or shelving scheme | |
| Item type | Books |
| Withdrawn status | Lost status | Source of classification or shelving scheme | Damaged status | Not for loan | Collection code | Permanent location | Current location | Shelving location | Date acquired | Total Checkouts | Full call number | Date last seen | Price effective from | Koha item type |
|---|---|---|---|---|---|---|---|---|---|---|---|---|---|---|
| Koleksioni i përgjithshem | UBT - Lipjan | UBT - Lipjan | Koleksioni i përgjithshem | 06/10/2015 | 546.59 FOR | 06/10/2015 | 06/10/2015 | Books |